00399 2200169 4500001002100000005001500021035002000036245003400056100001300090250000600103856004500109260003100154082000800185084001400193600001000207990001200217INLIS00000000000167120250429103907 a0010-04250000871 aPada Sebuah Kapal /cNH. Dini0 aNH. Dini a1 aRuang Baca Umum No Klas 800 ( Rak 3,4,5) aJakarta :bGramedia,c2000 a813 a813 NH. p 4aFiksi a00.0061